Score 0/14 Timer 02:00
2 Plays Today
Clue 6-Letter Word % Correct
Milk containerCARTON
90%
Quarterback and brother of Eli ManningPEYTON
87%
Singer and founder of DollywoodPARTON
84.1%
Hall of Famer Walter of the Chicago BearsPAYTON
81%
George C. Scott's 1970 Best Picture title rolePATTON
70.5%
Founder Sam of the largest US RetailerWALTON
69%
A wealthy supporter or tequila brandPATRON
69%
Clue 6-Letter Word % Correct
James Bond 'actor' TimothyDALTON
68.4%
Gasoline in GloucesterPETROL
65.4%
Walk a beat to provide securityPATROL
65.3%
Home of the Pro Football Hall of FameCANTON
63.5%
Site in Tennessee of the 'Scopes Monkey Trial'DAYTON
60.3%
Causing sexual excitementWANTON
54.3%
A long-winged seabirdPETREL
14.5%

Today's Daily Dose

Remove Ads.
Support Sporcle.
Get the best of Sporcle when you Go Orange. This ad-free experience offers more features, more stats, and more fun while also helping to support Sporcle. Thank you for becoming a member.

You're not logged in!

Compare scores with friends on all Sporcle quizzes.
OR
Log In

Show Comments

Extras

Top Quizzes Today


Score Distribution

Your Account Isn't Verified!

In order to create a playlist on Sporcle, you need to verify the email address you used during registration. Go to your Sporcle Settings to finish the process.

Report this User

Report this user for behavior that violates our Community Guidelines.

Details: